| 000 | 00426nam a2200133Ia 4500 | ||
|---|---|---|---|
| 005 | 20260326235504.0 | ||
| 008 | 260326s9999||||xx |||||||||||||| ||und|| | ||
| 100 | _aAgurto Calvo, Santiago | ||
| 245 | 0 |
_aEstudios Acerca de la Construcción, Arquitectura y Planeamiento de Inca / _cSantiago Agurto Calvo |
|
| 260 | _bCámara Peruana de la Construcción | ||
| 300 | _a295 p. | ||
| 650 | _aARQUITECTURA MESOAMÉRICANA | ||
| 942 | _cBK | ||
| 999 |
_c8125 _d8125 |
||